Finish carpentry techniques
| Main Author: | |
|---|---|
| Format: | Book |
| Published: |
s.l :
Grolier Home Owning made easy ,
19-
|
| Subjects: |
MARC
| LEADER | 00000cam a2200000 7i4500 | ||
|---|---|---|---|
| 001 | 0000002498 | ||
| 002 | 000002722 | ||
| 005 | 20000330.0 | ||
| 020 | |a T000000270 | ||
| 090 | 0 | 0 | |a 694 |b BER |
| 100 | 0 | |a Bergquist, Craig | |
| 245 | 1 | 0 | |a Finish carpentry techniques |c Craig Berquist |
| 260 | |a s.l : |b Grolier Home Owning made easy , |c 19- | ||
| 300 | |a 96p. ; |c 28cm. | ||
| 650 | 0 | 0 | |a Carpentry |
| 999 | |a 033703 |b BUKU |c PINJAMAN |e PERPUSTAKAAN KOMUNITI PETALING JAYA | ||